La psychologie sociale /

Sábháilte in:
Sonraí bibleagrafaíochta
Príomhchruthaitheoir: Stoetzel, Jean (autor)
Formáid: LEABHAR
Teanga:Fraincis
Foilsithe / Cruthaithe: París, Francia : Flammarion, 1978, c1978
Clibeanna: Cuir clib leis
Níl clibeanna ann, Bí ar an gcéad duine le clib a chur leis an taifead seo!

MARC

LEADER 00000nam^a2200000^a^4500
001 000579014
005 20250521000000.0
009 20260310132520.298
037 |a Acervo ITESO - Biblioteca 
041 |a FRA 
091 |a FLG. 00565 
100 |a Stoetzel, Jean  |e (autor) 
245 1 3 |a La psychologie sociale / 
264 4 |a París, Francia :  |b Flammarion,  |c 1978, c1978 
300 |a 349 p. 
336 |a texto  |b txt  |2 rdacontenido 
337 |a sin mediación  |b n  |2 rdamedio 
338 |a volumen  |b nc  |2 rdasoporte 
649 |a XX 
910 |a Fondo Luis González de Alba 
920 |a Impresos - Libros 
930 |a Fondos Especiales 
905 |a 141 
901 |a 0500397631  |b IT2  |c ESP  |i D102256  |u 20250521 
902 |a https://opac.biblio.iteso.mx/vufind/Record/000579014